|
|
|
|
| LEADER |
00000nam0a2200000 4500 |
| 001 |
255573 |
| 005 |
20231101233034.0 |
| 020 |
|
|
|a RU
|b 89-46281
|
| 035 |
|
|
|a (RuTPU)RU\TPU\book\278089
|
| 090 |
|
|
|a 255573
|
| 100 |
|
|
|a 20140331d1989 k y0rusy5003 ca
|
| 101 |
0 |
|
|a rus
|
| 102 |
|
|
|a RU
|
| 105 |
|
|
|a y z 001zy
|
| 200 |
1 |
|
|a Элементоорганические соединения: мономеры, полимеры, катализаторы
|e учебное пособие
|f И. Е. Саратов
|g Ленинградский технологический институт им. Ленсовета (ЛТИ)
|
| 210 |
|
|
|a Ленинград
|c Изд-во ЛТИ
|d 1989
|
| 215 |
|
|
|a 87,[1] с.
|
| 320 |
|
|
|a Библиогр.: с. 85-86 (30 назв.).
|
| 606 |
1 |
|
|a Элементоорганические соединения
|x Химия
|2 stltpush
|3 (RuTPU)RU\TPU\subj\21138
|9 46177
|
| 610 |
1 |
|
|a мономеры
|
| 610 |
1 |
|
|a полимеры
|
| 610 |
1 |
|
|a катализаторы
|
| 610 |
1 |
|
|a учебные пособия
|
| 675 |
|
|
|a 547.1'1(075.8)
|z rus
|v 3
|
| 700 |
|
1 |
|a Саратов
|b И. Е.
|g Иван Емельянович
|
| 712 |
0 |
2 |
|a Ленинградский технологический институт им. Ленсовета (ЛТИ)
|2 stltpush
|3 (RuTPU)RU\TPU\col\1462
|
| 801 |
|
0 |
|a RU
|b RuMRKP
|c 19950417
|g psbo
|
| 801 |
|
1 |
|a RU
|b 63413507
|c 20140331
|
| 801 |
|
2 |
|a RU
|b 63413507
|c 20140701
|g RCR
|
| 942 |
|
|
|c BK
|